[Event "European Online Club-ch-D 2021"]
[Site "Online"]
[Date "2021.03.27"]
[Round "5.7"]
[White "Petkidis, Anthony"]
[Black "Maurizzi, Marc Andria"]
[Result "1-0"]
[WhiteElo "2401"]
[BlackElo "2461"]
[Annotator "ChessBase"]
[PlyCount "101"]
[EventDate "2021.03.27"]
[EventType "team-tourn"]
[EventCountry "NET"]
[SourceTitle "playchess.com"]
[Source "ChessBase"]
[SourceQuality "1"]
[TimeControl "900+5"]

1. e4 {[%emt 0:00:00]} c5 {[%emt 0:00:14]} 2. Nf3 {[%emt 0:00:03]} e6 {[%emt 0:00:02]} 3. d4 {[%emt 0:00:11]} cxd4 {[%emt 0:00:00]} 4. Nxd4 {[%emt 0:00:01]} Nf6 {[%emt 0:00:01]} 5. Nc3 {[%emt 0:00:03]} Nc6 {[%emt 0:00:02]} 6. Ndb5 {[%emt 0:00:08]} d6 {[%emt 0:00:05]} 7. Bf4 {[%emt 0:00:03]} e5 {[%emt 0:00:02]} 8. Bg5 {[%emt 0:00:01]} a6 {[%emt 0:00:02]} 9. Na3 {[%emt 0:00:02]} Be6 {[%emt 0:00:02]} 10. Nc4 {[%emt 0:00:32]} Rb8 {[%emt 0:00:03]} 11. Bxf6 {[%emt 0:00:46]} Qxf6 {[%emt 0:00:04]} 12. Nb6 {[%emt 0:02:45]} Qd8 {[%emt 0:01:23]} 13. Ncd5 {[%emt 0:00:11]} g6 {[%emt 0:00:26]} 14. Bc4 {[%emt 0:00:29]} Bg7 {[%emt 0:00:18]} 15. O-O {[%emt 0:00:03]} O-O {[%emt 0:00:03]} 16. a4 {[%emt 0:00:09]} f5 {[%emt 0:01:00]} 17. Qd3 {[%emt 0:00:17]} Kh8 {[%emt 0:00:22]} 18. f3 {[%emt 0:00:45]} Bh6 {[%emt 0:02:02]} 19. c3 {[%emt 0:00:32]} Qh4 {[%emt 0:01:25]} 20. g3 {[%emt 0:00:40]} Qd8 {[%emt 0:00:05]} 21. a5 {[%emt 0:00:36]} Nxa5 {[%emt 0:03:11]} 22. Ba2 {[%emt 0:03:30]} Nc6 {[%emt 0:00:36]} 23. b4 {[%emt 0:00:16]} Bg5 {[%emt 0:00:53]} 24. Kg2 {[%emt 0:00:09]} h5 {[%emt 0:00:14]} 25. Rad1 {[%emt 0:00:19]} f4 {[%emt 0:01:14]} 26. b5 {[%emt 0:01:00]} axb5 {[%emt 0:00:08]} 27. Qxb5 {[%emt 0:00:03]} Rf7 {[%emt 0:01:31]} 28. Bc4 {[%emt 0:00:14]} Qe8 {[%emt 0:00:48]} 29. Nb4 {[%emt 0:00:43]} fxg3 {[%emt 0:00:36]} 30. hxg3 {[%emt 0:00:09]} Nxb4 {[%emt 0:00:09]} 31. Qxe8+ {[%emt 0:00:06]} Rxe8 {[%emt 0:00:00]} 32. cxb4 {[%emt 0:00:04]} Rc7 {[%emt 0:00:06]} 33. Bxe6 {[%emt 0:00:29]} Rxe6 {[%emt 0:00:00]} 34. Nd5 {[%emt 0:00:47]} Rf7 {[%emt 0:00:04]} 35. Rd3 {[%emt 0:00:18]} Kg7 {[%emt 0:00:03]} 36. Rc3 {[%emt 0:00:06]} Re8 {[%emt 0:00:12]} 37. b5 {[%emt 0:00:06]} Ra8 {[%emt 0:00:07]} 38. Rf2 {[%emt 0:00:08]} Ra5 {[%emt 0:00:13]} 39. Rb3 {[%emt 0:00:07]} Bd8 {[%emt 0:00:07]} 40. Rc2 {[%emt 0:00:03]} Rd7 {[%emt 0:00:02]} 41. Rc8 {[%emt 0:00:05]} Kf7 {[%emt 0:00:05]} 42. Rb8 {[%emt 0:00:04]} Ra2+ {[%emt 0:00:09]} 43. Kh3 {[%emt 0:00:06]} Rc2 {[%emt 0:00:00]} 44. Ra3 {[%emt 0:00:19]} Rb2 {[%emt 0:00:13]} 45. Raa8 {[%emt 0:00:05]} Be7 {[%emt 0:00:05]} 46. b6 {[%emt 0:00:11]} g5 {[%emt 0:00:07]} 47. Ra7 {[%emt 0:00:09]} Bd8 {[%emt 0:00:03]} 48. Rbxb7 {[%emt 0:00:12]} Rxb7 {[%emt 0:00:00]} 49. Rxb7+ {[%emt 0:00:01]} Ke6 {[%emt 0:00:03]} 50. Rh7 {[%emt 0:00:13]} Bxb6 {[%emt 0:00:03]} 51. Re7# {[%emt 0:00:02]} 1-0

[Event "European Online Club-ch-D 2021"]
[Site "Online"]
[Date "2021.03.27"]
[Round "5.8"]
[White "Medvegy, Zoltan"]
[Black "Fischer, Daniel"]
[Result "1-0"]
[WhiteElo "2527"]
[BlackElo "2276"]
[Annotator "ChessBase"]
[PlyCount "119"]
[EventDate "2021.03.27"]
[EventType "team-tourn"]
[EventCountry "NET"]
[SourceTitle "playchess.com"]
[Source "ChessBase"]
[SourceQuality "1"]
[TimeControl "900+5"]

1. Nf3 {[%emt 0:00:00]} d5 {[%emt 0:00:04]} 2. e3 {[%emt 0:00:03]} Nf6 {[%emt 0:00:03]} 3. c4 {[%emt 0:00:01]} e6 {[%emt 0:00:02]} 4. b3 {[%emt 0:00:08]} Bd6 {[%emt 0:00:04]} 5. Nc3 {[%emt 0:00:16]} b6 {[%emt 0:00:03]} 6. cxd5 {[%emt 0:00:14]} exd5 {[%emt 0:00:02]} 7. Bb2 {[%emt 0:00:19]} O-O {[%emt 0:00:17]} 8. d4 {[%emt 0:00:02]} Bb7 {[%emt 0:00:01]} 9. Bd3 {[%emt 0:00:05]} Ne4 {[%emt 0:00:52]} 10. O-O {[%emt 0:00:45]} a6 {[%emt 0:00:08]} 11. Qc2 {[%emt 0:00:41]} Re8 {[%emt 0:00:12]} 12. Ne5 {[%emt 0:02:00]} Nd7 {[%emt 0:07:57]} 13. Nxe4 {[%emt 0:01:30]} dxe4 {[%emt 0:00:21]} 14. Bxe4 {[%emt 0:00:23]} Bxe4 {[%emt 0:00:13]} 15. Qxe4 {[%emt 0:00:03]} Qe7 {[%emt 0:00:34]} 16. Rac1 {[%emt 0:02:05]} Nxe5 {[%emt 0:00:45]} 17. dxe5 {[%emt 0:00:04]} Bxe5 {[%emt 0:00:06]} 18. Qxe5 {[%emt 0:00:11]} Qxe5 {[%emt 0:00:02]} 19. Bxe5 {[%emt 0:00:02]} Rxe5 {[%emt 0:00:01]} 20. Rxc7 {[%emt 0:00:02]} Rd8 {[%emt 0:01:12]} 21. Rfc1 {[%emt 0:00:58]} Kf8 {[%emt 0:00:25]} 22. g3 {[%emt 0:00:28]} Rd2 {[%emt 0:00:22]} 23. R1c2 {[%emt 0:00:46]} Red5 {[%emt 0:00:24]} 24. Kg2 {[%emt 0:00:38]} a5 {[%emt 0:00:20]} 25. g4 {[%emt 0:01:50]} h5 {[%emt 0:00:39]} 26. h3 {[%emt 0:00:31]} hxg4 {[%emt 0:00:03]} 27. hxg4 {[%emt 0:00:02]} Rxc2 {[%emt 0:00:24]} 28. Rxc2 {[%emt 0:00:02]} b5 {[%emt 0:00:49]} 29. Rc8+ {[%emt 0:00:39]} Ke7 {[%emt 0:00:02]} 30. Ra8 {[%emt 0:00:02]} b4 {[%emt 0:00:12]} 31. Kg3 {[%emt 0:00:27]} g5 {[%emt 0:00:28]} 32. Kf3 {[%emt 0:00:28]} Rc5 {[%emt 0:00:07]} 33. Ke4 {[%emt 0:00:17]} Rc2 {[%emt 0:00:04]} 34. Rxa5 {[%emt 0:00:05]} Rxf2 {[%emt 0:00:01]} 35. Rxg5 {[%emt 0:00:06]} Rxa2 {[%emt 0:00:02]} 36. Rb5 {[%emt 0:00:03]} Rg2 {[%emt 0:00:12]} 37. Kf3 {[%emt 0:00:06]} Rb2 {[%emt 0:00:04]} 38. Rxb4 {[%emt 0:00:01]} Ke6 {[%emt 0:00:02]} 39. Rb8 {[%emt 0:00:10]} Rb1 {[%emt 0:00:20]} 40. Ke4 {[%emt 0:00:11]} Rg1 {[%emt 0:00:07]} 41. Rb6+ {[%emt 0:00:03]} Ke7 {[%emt 0:00:01]} 42. Kf3 {[%emt 0:00:13]} Rf1+ {[%emt 0:00:03]} 43. Kg2 {[%emt 0:00:04]} Re1 {[%emt 0:00:04]} 44. Kf2 {[%emt 0:00:02]} Rb1 {[%emt 0:00:03]} 45. b4 {[%emt 0:00:02]} Kd7 {[%emt 0:00:09]} 46. Rb7+ {[%emt 0:00:12]} Ke6 {[%emt 0:00:03]} 47. b5 {[%emt 0:00:03]} Kf6 {[%emt 0:00:13]} 48. b6 {[%emt 0:00:41]} Kg6 {[%emt 0:00:04]} 49. Rb8 {[%emt 0:00:04]} Rb4 {[%emt 0:00:06]} 50. b7 {[%emt 0:00:07]} Kg7 {[%emt 0:00:03]} 51. g5 {[%emt 0:00:02]} Rb5 {[%emt 0:00:06]} 52. e4 {[%emt 0:00:06]} Rb3 {[%emt 0:00:04]} 53. e5 {[%emt 0:00:02]} Rb6 {[%emt 0:00:07]} 54. Ke3 {[%emt 0:00:14]} Rb1 {[%emt 0:00:10]} 55. Kd2 {[%emt 0:00:04]} Rb6 {[%emt 0:00:03]} 56. Kd3 {[%emt 0:00:05]} Rb3+ {[%emt 0:00:03]} 57. Kc4 {[%emt 0:00:03]} Rb1 {[%emt 0:00:01]} 58. g6 {[%emt 0:00:10]} Rc1+ {[%emt 0:00:10]} 59. Kd3 {[%emt 0:00:03]} Rc7 {[%emt 0:00:09]} 60. Rg8+ {[%emt 0:00:06]} 1-0

[Event "European Online Club-ch-D 2021"]
[Site "Online"]
[Date "2021.03.27"]
[Round "5.9"]
[White "Gadimbayli, Abdulla"]
[Black "Adams, Michael"]
[Result "1/2-1/2"]
[WhiteElo "2470"]
[BlackElo "2716"]
[Annotator "TA"]
[PlyCount "164"]
[EventDate "2021.03.27"]
[EventType "team-tourn"]
[EventCountry "NET"]
[SourceTitle "playchess.com"]
[Source "ChessBase"]
[SourceQuality "1"]

{[%evp 26,164,0,0,0,0,9,0,0,8,0,6,10,12,79,76,83,81,77,77,93,112,213,231,194,81,81,81,81,81,81,81,81,73,81,81,89,89,89,89,89,8,88,88,88,0,88,25,33,38,81,42,88,88,88,88,88,88,88,88,88,88,88,88,88,88,88,88,88,56,56,0,56,56,76,81,88,56,88,88,88,56,88,0,80,0,88,88,88,88,88,0,0,0,0,0,0,0,88,88,88,88,88,61,88,40,0,0,0,0,8,8,88,88,88,88,88,0,7,0,0,0,88,88,88,88,88,0,0,0,88,7,8,0,88,0,88,88,88,0,88]} 1. e4 e5 2. Nf3 Nc6 3. Nc3 Nf6 4. d4 exd4 5. Nxd4 Bb4 6. Nxc6 bxc6 7. Bd3 d5 8. exd5 cxd5 9. O-O O-O 10. Bg5 Be6 11. Nb5 c5 12. a3 Ba5 13. b4 Bb6 14. c3 h6 {C47: Scotch Four Knights and Four Knights with 4 g3.} 15. Bh4 Rc8 {[#]} 16. Rc1 $146 ({Predecessor:} 16. a4 a6 17. a5 axb5 18. axb6 Qxb6 19. Bxf6 gxf6 20. Qf3 cxb4 21. Qxf6 Rxc3 22. Rfd1 Rc6 23. Qxh6 Bf5 24. Qg5+ Bg6 25. Bxg6 fxg6 26. Qxd5+ Kg7 27. Ra2 {½-½ (27) Mauritsson,S (2331)-Thorn,E (2315) Sweden 2018}) 16... a6 17. bxc5 Bxc5 18. Nd4 Bxa3 (18... Bd7 {is interesting.} 19. Bxa6 Ra8 20. Bb7 Rxa3 21. Bxf6 Qxf6 22. Bxd5 Rd8) 19. Ra1 Bb2 (19... Be7 $1 $11) 20. Rxa6 $16 Bxc3 21. Nxe6 fxe6 22. Rxe6 Qd7 23. Bf5 Qb7 (23... Qf7 $16) 24. Bxf6 $18 Bxf6 {[#]} 25. Rxf6 {[%mdl 512]} Rxf6 $16 26. Bxc8 Qxc8 27. Qxd5+ $18 {[%mdl 4096] Endgame KQR-KQR} Qe6 28. Qd4 Rf5 29. g3 Re5 30. Rd1 Re1+ 31. Rxe1 Qxe1+ $16 {KQ-KQ} 32. Kg2 Qe6 33. Kf3 (33. g4 $16) 33... Qb3+ (33... Qh3 $11 {remains equal.}) 34. Ke2 Qe6+ 35. Kf3 Qb3+ 36. Kf4 (36. Qe3 $16 Qf7+ 37. Kg2) 36... Qf7+ $11 37. Ke3 Qb3+ 38. Qd3 Qb6+ 39. Kf3 Qb7+ 40. Qe4 Qf7+ 41. Kg2 h5 42. Qf3 Qe8 43. Qd5+ Kh7 44. Kf3 {Strongly threatening Qe4+.} Qf8+ 45. Ke3 g6 46. Qd7+ Kh6 47. Qc7 Qa3+ 48. Ke4 (48. Kd2 $1 $14) 48... Qb4+ (48... Qa4+ $1 $11 49. Ke3 Qb3+ 50. Kd2 Qd5+ 51. Kc1 Qh1+ 52. Kd2 Qd5+ 53. Ke3 Qe6+ 54. Kf3 Qd5+ 55. Ke2 Qe4+ 56. Kd2 Qd4+ 57. Ke2 Qe4+ 58. Kd1 Qd4+ 59. Ke2 Qe4+) 49. Kd3 $14 Qb3+ 50. Qc3 $1 {[%cal Rc3b3]} Qd5+ 51. Ke2 {And now Qd2+ would win.} Kh7 52. Qc7+ Kh6 53. Qf4+ Kh7 54. Qc7+ Kh6 55. Qc3 {Threatens to win with Qd2+.} Kh7 56. h4 Qe4+ 57. Qe3 Qc2+ 58. Ke1 (58. Kf1 $16) 58... Qb1+ $11 59. Kd2 $1 Qb2+ 60. Kd3 Qb3+ $1 61. Kd4 (61. Ke4 {is more complex.} Qb7+ 62. Kd3 Qa6+ 63. Kd2 Qa2+ 64. Kd1) 61... Qb6+ (61... Qb4+ $11 62. Kd5 Qb5+ 63. Qc5 Qd3+ 64. Ke6 Qe4+ 65. Kd6 Qd3+ 66. Ke7 Qe4+ 67. Kd7 Qa4+ 68. Kc7 Qa6 69. Qe7+ Kg8) 62. Kd5 $16 Qb7+ 63. Kd6 {Black must now prevent Qe7+.} Qb8+ 64. Ke7 Qc7+ 65. Kf8 $1 Qg7+ $1 66. Ke8 {Hoping for Qe7.} Qg8+ 67. Kd7 Qd5+ 68. Kc7 Qf7+ (68... Qc4+ $11 69. Kd6 Qa6+ 70. Ke5 Qb5+ 71. Kd6 Qb8+ 72. Ke7 Qb7+ 73. Kf6 Qc6+ 74. Kf7 Qd7+ 75. Kf8 Qf5+ 76. Ke7 Qd5) 69. Kd6 Qf6+ 70. Kd7 {Qe7+ is the strong threat.} Qf5+ 71. Kd8 (71. Ke7 $16) 71... Qd5+ 72. Ke7 ({White should play} 72. Kc8 $11) 72... Qb7+ $1 73. Kd6 {aiming for Qe7+.} Qb8+ 74. Kc6 Qc8+ {[#]} 75. Kb5 $1 Qd7+ {[#]} 76. Kb6 ({White should try} 76. Kb4 $1 $16) 76... Qd6+ 77. Kb5 (77. Ka5 $11) 77... Qd7+ $1 78. Kc4 (78. Kc5 $16) 78... Qa4+ $1 $11 79. Kd3 Qb5+ (79... Qa6+ $11 80. Kd4 Qd6+ 81. Ke4 Qe6+ 82. Kf3 Qf5+ 83. Ke2 Qc2+ 84. Kf3 Qc4 85. Qa7+ Kg8) 80. Kd4 (80. Kc2 $16) 80... Qd7+ (80... Qb4+ $11 {keeps the balance.} 81. Kd5 Qf8) 81. Kc5 $16 Qc7+ 82. Kb5 Qd7+ $1 {Black defended with fortune.  Weighted Error Value: White=0.21/Black=0.13} 1/2-1/2

[Event "European Online Club-ch-D 2021"]
[Site "Online"]
[Date "2021.03.27"]
[Round "5.10"]
[White "Howell, David W L"]
[Black "Ibrahimli, Murad"]
[Result "1-0"]
[WhiteElo "2658"]
[BlackElo "2436"]
[Annotator "ChessBase"]
[PlyCount "53"]
[EventDate "2021.03.27"]
[EventType "team-tourn"]
[EventCountry "NET"]
[SourceTitle "playchess.com"]
[Source "ChessBase"]
[SourceQuality "1"]
[TimeControl "900+5"]

1. Nf3 {[%emt 0:00:00]} Nf6 {[%emt 0:00:03]} 2. g3 {[%emt 0:00:06]} d5 {[%emt 0:00:06]} 3. Bg2 {[%emt 0:00:02]} c6 {[%emt 0:00:02]} 4. c4 {[%emt 0:00:23]} dxc4 {[%emt 0:00:16]} 5. O-O {[%emt 0:00:02]} Be6 {[%emt 0:00:29]} 6. Qc2 {[%emt 0:00:52]} Bd5 {[%emt 0:00:21]} 7. Re1 {[%emt 0:02:13]} Bxf3 {[%emt 0:02:46]} 8. Bxf3 {[%emt 0:00:04]} Nbd7 {[%emt 0:00:02]} 9. Bg2 {[%emt 0:01:55]} Ne5 {[%emt 0:00:48]} 10. Na3 {[%emt 0:04:19]} Qd4 {[%emt 0:00:36]} 11. Rb1 {[%emt 0:00:03]} Nfg4 {[%emt 0:03:37]} 12. Rf1 {[%emt 0:00:05]} e6 {[%emt 0:03:08]} 13. b3 {[%emt 0:00:44]} Bxa3 {[%emt 0:01:55]} 14. Bxa3 {[%emt 0:00:02]} O-O-O {[%emt 0:00:02]} 15. h3 {[%emt 0:01:06]} Nf6 {[%emt 0:00:31]} 16. Bb2 {[%emt 0:00:25]} Qc5 {[%emt 0:00:46]} 17. Rfd1 {[%emt 0:01:33]} c3 {[%emt 0:00:27]} 18. Bxc3 {[%emt 0:00:08]} Nd5 {[%emt 0:00:04]} 19. b4 {[%emt 0:01:28]} Qc4 {[%emt 0:00:01]} 20. Rb3 {[%emt 0:00:20]} Nxc3 {[%emt 0:00:15]} 21. Rxc3 {[%emt 0:00:01]} Qxb4 {[%emt 0:00:02]} 22. Rb1 {[%emt 0:00:12]} Qd4 {[%emt 0:00:03]} 23. d3 {[%emt 0:00:28]} Qd6 {[%emt 0:00:21]} 24. e3 {[%emt 0:00:05]} Kc7 {[%emt 0:00:10]} 25. d4 {[%emt 0:00:01]} Nd7 {[%emt 0:00:02]} 26. Rxb7+ {[%emt 0:00:03]} Kxb7 {[%emt 0:00:02]} 27. Rxc6 {[%emt 0:00:01]} 1-0

[Event "European Online Club-ch-D 2021"]
[Site "Online"]
[Date "2021.03.27"]
[Round "5.11"]
[White "Babazada, Khazar"]
[Black "McShane, Luke J"]
[Result "1/2-1/2"]
[WhiteElo "2409"]
[BlackElo "2674"]
[Annotator "ChessBase"]
[PlyCount "75"]
[EventDate "2021.03.27"]
[EventType "team-tourn"]
[EventCountry "NET"]
[SourceTitle "playchess.com"]
[Source "ChessBase"]
[SourceQuality "1"]
[TimeControl "900+5"]

1. e4 {[%emt 0:00:00]} e5 {[%emt 0:00:07]} 2. Nf3 {[%emt 0:00:03]} Nc6 {[%emt 0:00:02]} 3. Bb5 {[%emt 0:00:02]} a6 {[%emt 0:00:08]} 4. Ba4 {[%emt 0:00:08]} g6 {[%emt 0:00:16]} 5. c3 {[%emt 0:00:09]} d6 {[%emt 0:00:20]} 6. O-O {[%emt 0:00:11]} Bg7 {[%emt 0:00:12]} 7. h3 {[%emt 0:00:09]} Nge7 {[%emt 0:00:32]} 8. d4 {[%emt 0:00:10]} O-O {[%emt 0:00:21]} 9. dxe5 {[%emt 0:02:12]} dxe5 {[%emt 0:00:07]} 10. Qe2 {[%emt 0:00:05]} Be6 {[%emt 0:00:49]} 11. Rd1 {[%emt 0:00:28]} Qc8 {[%emt 0:00:12]} 12. Be3 {[%emt 0:02:07]} h6 {[%emt 0:01:40]} 13. Nbd2 {[%emt 0:01:00]} b6 {[%emt 0:00:04]} 14. Bb3 {[%emt 0:01:10]} f5 {[%emt 0:01:11]} 15. Bxe6+ {[%emt 0:01:58]} Qxe6 {[%emt 0:00:03]} 16. Qc4 {[%emt 0:00:02]} Kf7 {[%emt 0:00:02]} 17. g3 {[%emt 0:00:41]} Qxc4 {[%emt 0:01:50]} 18. Nxc4 {[%emt 0:00:05]} Rfd8 {[%emt 0:00:04]} 19. a4 {[%emt 0:00:33]} Ke6 {[%emt 0:00:22]} 20. Kf1 {[%emt 0:00:10]} Rxd1+ {[%emt 0:03:47]} 21. Rxd1 {[%emt 0:00:03]} Rg8 {[%emt 0:00:46]} 22. Ke2 {[%emt 0:00:17]} Nc8 {[%emt 0:00:26]} 23. b4 {[%emt 0:00:45]} fxe4 {[%emt 0:01:14]} 24. Nfd2 {[%emt 0:00:02]} Nd6 {[%emt 0:00:02]} 25. Nxd6 {[%emt 0:00:44]} cxd6 {[%emt 0:01:03]} 26. Bxb6 {[%emt 0:00:02]} Rb8 {[%emt 0:00:06]} 27. a5 {[%emt 0:00:09]} d5 {[%emt 0:00:01]} 28. Nb3 {[%emt 0:00:43]} Bf8 {[%emt 0:00:04]} 29. Bc5 {[%emt 0:00:09]} Bg7 {[%emt 0:00:14]} 30. Bb6 {[%emt 0:00:19]} Bf8 {[%emt 0:00:02]} 31. Bc5 {[%emt 0:00:16]} Bg7 {[%emt 0:00:03]} 32. Be3 {[%emt 0:00:03]} Bf8 {[%emt 0:00:20]} 33. h4 {[%emt 0:00:10]} h5 {[%emt 0:00:34]} 34. Bc5 {[%emt 0:00:07]} Bh6 {[%emt 0:00:04]} 35. Bb6 {[%emt 0:00:31]} Bf8 {[%emt 0:00:02]} 36. Bc5 {[%emt 0:00:15]} Bh6 {[%emt 0:00:01]} 37. Be3 {[%emt 0:00:02]} Bf8 {[%emt 0:00:02]} 38. Bc5 {[%emt 0:00:03]} 1/2-1/2

[Event "European Online Club-ch-D 2021"]
[Site "Online"]
[Date "2021.03.27"]
[Round "5.12"]
[White "Jones, Gawain C B"]
[Black "Eynullayev, Atilla"]
[Result "1-0"]
[WhiteElo "2670"]
[BlackElo "2347"]
[Annotator "ChessBase"]
[PlyCount "73"]
[EventDate "2021.03.27"]
[EventType "team-tourn"]
[EventCountry "NET"]
[SourceTitle "playchess.com"]
[Source "ChessBase"]
[SourceQuality "1"]
[TimeControl "900+5"]

1. e4 {[%emt 0:00:00]} c5 {[%emt 0:00:03]} 2. Nf3 {[%emt 0:00:06]} d6 {[%emt 0:00:01]} 3. Bb5+ {[%emt 0:00:06]} Nd7 {[%emt 0:00:02]} 4. d4 {[%emt 0:00:05]} cxd4 {[%emt 0:00:02]} 5. Qxd4 {[%emt 0:00:02]} a6 {[%emt 0:00:01]} 6. Bxd7+ {[%emt 0:00:02]} Bxd7 {[%emt 0:00:02]} 7. Nc3 {[%emt 0:00:02]} e5 {[%emt 0:00:02]} 8. Qd3 {[%emt 0:00:05]} Rc8 {[%emt 0:00:01]} 9. O-O {[%emt 0:00:25]} h6 {[%emt 0:00:09]} 10. Nd2 {[%emt 0:00:05]} Qc7 {[%emt 0:00:02]} 11. Rd1 {[%emt 0:00:38]} Bg4 {[%emt 0:00:03]} 12. Re1 {[%emt 0:00:06]} Be6 {[%emt 0:00:18]} 13. Nf1 {[%emt 0:00:48]} Nf6 {[%emt 0:00:04]} 14. Ne3 {[%emt 0:00:06]} Be7 {[%emt 0:00:04]} 15. a4 {[%emt 0:00:33]} O-O {[%emt 0:00:04]} 16. Rd1 {[%emt 0:01:06]} Rfd8 {[%emt 0:00:19]} 17. a5 {[%emt 0:00:35]} Qc5 {[%emt 0:02:02]} 18. Ra4 {[%emt 0:01:30]} Bf8 {[%emt 0:02:13]} 19. Qe2 {[%emt 0:01:23]} d5 {[%emt 0:03:28]} 20. exd5 {[%emt 0:00:05]} Bxd5 {[%emt 0:00:25]} 21. Ncxd5 {[%emt 0:02:08]} Nxd5 {[%emt 0:00:05]} 22. Rc4 {[%emt 0:02:52]} Qb5 {[%emt 0:04:39]} 23. Rxc8 {[%emt 0:00:22]} Qxe2 {[%emt 0:01:38]} 24. Rxd8 {[%emt 0:00:04]} Nf4 {[%emt 0:00:32]} 25. b3 {[%emt 0:00:32]} Ne6 {[%emt 0:00:25]} 26. R8d2 {[%emt 0:00:09]} Qb5 {[%emt 0:00:04]} 27. Rd5 {[%emt 0:00:05]} Qc6 {[%emt 0:00:13]} 28. Rxe5 {[%emt 0:00:13]} g6 {[%emt 0:00:01]} 29. Red5 {[%emt 0:00:23]} Bg7 {[%emt 0:00:05]} 30. Nc4 {[%emt 0:00:11]} h5 {[%emt 0:00:08]} 31. Be3 {[%emt 0:00:11]} Kh7 {[%emt 0:00:04]} 32. h3 {[%emt 0:00:14]} Bh6 {[%emt 0:00:09]} 33. Rd7 {[%emt 0:00:23]} Bxe3 {[%emt 0:00:09]} 34. Rxf7+ {[%emt 0:00:02]} Kg8 {[%emt 0:00:05]} 35. fxe3 {[%emt 0:00:01]} Ng5 {[%emt 0:00:06]} 36. Rd8+ {[%emt 0:00:09]} Kxf7 {[%emt 0:00:04]} 37. Ne5+ {[%emt 0:00:01]} 1-0

[Event "European Online Club-ch-D 2021"]
[Site "Online"]
[Date "2021.03.27"]
[Round "5.13"]
[White "Straka, Vojtech"]
[Black "Lopez Del Alamo, Antonio"]
[Result "1-0"]
[WhiteElo "2417"]
[BlackElo "2295"]
[Annotator "NA"]
[PlyCount "51"]
[EventDate "2021.03.27"]
[EventType "team-tourn"]
[EventCountry "NET"]
[SourceTitle "playchess.com"]
[Source "ChessBase"]
[SourceQuality "1"]
[TimeControl "900+5"]

1. c4 {[%emt 0:00:00]} g6 {[%emt 0:00:10]} 2. Nc3 {[%emt 0:00:34]} Bg7 {[%emt 0:00:04]} 3. d4 {[%emt 0:00:02]} Nf6 {[%emt 0:00:06]} 4. e4 {[%emt 0:00:03]} d6 {[%emt 0:00:04]} 5. Nf3 {[%emt 0:00:03]} O-O {[%emt 0:00:02]} 6. Be2 {[%emt 0:00:04]} e5 {[%emt 0:00:02]} 7. d5 {[%emt 0:00:04]} a5 {[%emt 0:00:05]} 8. Bg5 {[%emt 0:00:02]} h6 {[%emt 0:00:03]} 9. Bh4 {[%emt 0:00:01]} Na6 {[%emt 0:00:07]} 10. Nd2 {[%emt 0:00:03]} Qe8 {[%emt 0:00:06]} 11. a3 {[%emt 0:00:56]} Bd7 {[%emt 0:00:05]} 12. b3 {[%emt 0:00:03]} Nh7 {[%emt 0:00:04]} 13. O-O {[%emt 0:00:05]} h5 {[%emt 0:00:04]} 14. f3 {[%emt 0:00:04]} Bh6 {[%emt 0:00:05]} 15. Rb1 {[%emt 0:00:04]} Be3+ {[%emt 0:00:24]} 16. Kh1 {[%emt 0:00:03]} Bc5 {[%emt 0:00:03]} 17. Qc1 {[%emt 0:00:02]} f5 {[%emt 0:00:06]} 18. exf5 {[%emt 0:00:05]} gxf5 {[%emt 0:00:03]} 19. f4 {[%emt 0:00:02]} e4 {[%emt 0:01:05]} 20. b4 {[%emt 0:00:04]} axb4 {[%emt 0:00:50]} 21. axb4 {[%emt 0:00:03]} Nxb4 {[%emt 0:00:38]} 22. Rb3 {[%emt 0:00:03]} Nf6 {[%emt 0:06:03]} 23. Qb2 {[%emt 0:01:59]} Na6 {[%emt 0:00:09]} 24. Bxf6 {[%emt 0:00:15]} Rxf6 {[%emt 0:00:11]} 25. Ncxe4 {[%emt 0:00:02]} Rh6 {[%emt 0:00:40]} 26. Rg3+ {[%emt 0:00:25]} 1-0